Responses for Show #2700 - Friday, May 3, 1996

Contestants

[<< previous game]

Jeff Gorsky, a lawyer originally from Washington, D.C.

Shannon Champion, a homemaker from Birmingham, Alabama

Judy Riley, a patent lawyer from Rochester, Michigan (whose 2-day cash winnings total $30,402)

[next game >>]

Jeopardy! Round responses

GARDENING
19th CENTURY AMERICA
BASEBALL
WORLD GEOGRAPHY
MARRIAGE CUSTOMS
"POT"s & "PAN"s
    $100 7
spring

Jeff
    $100 8
Martha Washington

Jeff
    $100 26
New York Yankees

Judy
    $100 1
Cannes

Shannon
    $100 2
stag/bachelor party

Jeff
    $100 21
the jackpot

Shannon
    $200 17
nitrogen

Shannon
    $200 9
the Wright Brothers

Jeff
    $200 27
(Jeff: What is Atlanta?)

Milwaukee

JudyJeff
    $200 3
Sinai

Jeff
    $200 13
egg

Judy
    $200 22
potbelly

Shannon
    $300 18
greenhouses

Jeff
    $300 10
Alabama

Judy
    $300 28
Ty Cobb

Jeff
    $300 4
South America, Africa & Australia

Judy
    $300 14
(Jeff: What are rifles?)

swords

JudyJeff
    $300 23
pancreas

Shannon
    $400 19
roses

Judy
    $400 11
Cleveland

Judy
    $400 29
Cal Ripken, Jr.

Triple Stumper
    $500 5
Hokkaido

Judy
    $400 15
something old, new, borrowed & blue

Shannon
    $400 24
pandemonium

Jeff
    $500 20
rot

Judy
    $500 12
Lillian Russell

Shannon
    $500 30
Rickey Henderson

Triple Stumper
    $500 6
Crocodile River

Triple Stumper
    $500 16
a dowry

Judy
    $500 25
potter's field

Shannon

Scores at the first commercial break (after clue 15):

Judy Shannon Jeff
$2,000 $1,000 $400

Scores at the end of the Jeopardy! Round:

Judy Shannon Jeff
$3,700 $2,300 $1,200

Double Jeopardy! Round responses

BIOGRAPHIES
HISTORY
ACTORS & THEIR ROLES
GOVERNMENT & POLITICS
BIOLOGY
POTS & PANS
    $200 6
Albert Einstein

Jeff
    $200 1
Mussolini

Judy
    $200 12
[ERRATUM: "Harassed" was misspelled in the clue as shown.]

Michael Douglas

Judy
    $200 11
IRS

Shannon
    $200 14
fraternal twins

Judy
    $200 26
(Jeff: What is an omelet pan?)
(Shannon: What is a crepe pan?)
[Shannon's response was ruled incorrect, but changed before Final Jeopardy.]

griddle

ShannonJeff
    $400 7
Henry Miller

Jeff
    $400 2
the Boxer Rebellion

Jeff
    $400 22
Keanu Reeves

Jeff
    $400 13
Rural Free Delivery

Judy
    $400 15
eustachian tube

Shannon
    $400 27
(Shannon: What is cast iron?)
(Jeff: What is aluminum?)

copper

JudyShannonJeff
    $600 8
Irving Stone

Jeff
    $600 3
South Korea

Jeff
    $600 23
(Jeff: What is "The Great Profiler?")
[Originally ruled correct, but changed before Final Jeopardy.]
(Alex: We have a minute left.)

The Great Profile

Jeff
Triple Stumper
    $600 19
Department of State

Jeff
    $600 16
retina

Judy
    $600 28
[end-of-round signal sounds]

pressure cooker

Shannon
    $800 9
Anthony Burgess

Jeff
    $800 4
Louis XIV

Judy
    $800 24
Cliff Robertson

Jeff
    $2,000 20
Lyndon Johnson

Jeff
    $800 17
regeneration

Shannon
    $1000 10
Stendhal

Jeff
    $1000 5
Mark Antony

Judy
    $1000 25
Sneakers

Jeff
    $1000 21
Robert La Follette

Jeff
    $2,500 18
(Shannon: What is zoology?)

taxonomy

Shannon

Scores at the end of the Double Jeopardy! Round:

Judy Shannon Jeff
$7,500 $1,600 $9,800

[wagering suggestions for these scores]

Final Jeopardy! Round responses

MYTHOLOGY
ShannonWho was Oracle of Delphi?
$1,600
JudyWho is [CASSA] Thystis
$100
JeffWho is Cassandra
$5,300
Cassandra

Final scores:

Judy Shannon Jeff
$7,400 $0 $15,100
2nd place: Trip to 1996 Centennial Olympic Games in Atlanta 3rd place: Set of Ricardo Beverly Hills Luggage New champion: $15,100

Game dynamics:

Coryat scores:

Judy Shannon Jeff
$7,400 $4,100 $8,600
19 R
(including 1 DD),
0 W
13 R,
2 W
(including 1 DD)
21 R
(including 1 DD),
5 W

Combined Coryat: $20,100

[game clues] [game scores] [suggest correction]

Game tape date: Unknown
The J! Archive is created by fans, for fans. Scraping, republication, monetization, and malicious use prohibited; this site may use cookies and collect identifying information. See terms. The Jeopardy! game show and all elements thereof, including but not limited to copyright and trademark thereto, are the property of Jeopardy Productions, Inc. and are protected under law. This website is not affiliated with, sponsored by, or operated by Jeopardy Productions, Inc. Join the discussion at JBoard.tv.